[Event "CAN-ch Int"]
[Site "Contrecoeur"]
[Date "2022.10.08"]
[Round "2"]
[White "Kot, Emanuel"]
[Black "Templonuevo, Mark Geryl"]
[Result "1-0"]
[WhiteElo "1911"]
[BlackElo "1781"]
[PlyCount "53"]
[EventDate "2022.10.07"]
[EventType "swiss"]
[EventRounds "5"]
[EventCountry "CAN"]
[SourceTitle "CBM 210 Extra"]
[Source "ChessBase"]
[SourceDate "2022.11.30"]
[SourceVersion "1"]
[SourceVersionDate "2022.11.30"]
[SourceQuality "1"]

1. e4 e5 2. Nf3 Nc6 3. Bb5 a6 4. Ba4 Nf6 5. 0-0 b5 6. Bb3 Be7 7. Re1 0-0 8. a4 b4 9. d4 d6 10. dxe5 Nxe5 11. Nxe5 dxe5 12. Qf3 Bg4 13. Qg3 Qd4 14. Nd2 Bc5 15. c3 Qd7 16. h3 Bh5 17. Qxe5 Bb6 18. Nc4 Ba7 19. Bg5 Rfe8 20. Qf4 Rab8 21. Bxf6 gxf6 22. Qxf6 bxc3 23. Ne5 Bxf2+ 24. Qxf2 Rxe5 25. Qg3+ Bg4 26. Qxe5 Rxb3 27. Rad1 1-0

[Event "Montreal Noel op"]
[Site "Montreal"]
[Date "2019.12.26"]
[Round "1"]
[White "Chiku Ratte, Olivier Kenta"]
[Black "Templonuevo, Mark Geryl"]
[Result "1-0"]
[WhiteElo "2391"]
[BlackElo "1781"]
[PlyCount "93"]
[EventDate "2019.12.26"]
[EventType "swiss"]
[EventRounds "5"]
[EventCountry "CAN"]
[SourceTitle "CBM 194 Extra"]
[Source "ChessBase"]
[SourceDate "2020.03.31"]
[SourceVersion "1"]
[SourceVersionDate "2020.03.31"]
[SourceQuality "1"]

1. d4 d5 2. c4 e6 3. Nc3 Nf6 4. Bg5 Bb4 5. cxd5 exd5 6. Nf3 Qd6 7. Nd2 Bf5 8. e3 Nbd7 9. Be2 Bxc3 10. bxc3 0-0 11. 0-0 c5 12. Bf4 Qb6 13. a4 c4 14. a5 Qb2 15. Qc1 Qxc1 16. Rfxc1 Rfe8 17. Bd1 b5 18. axb6 axb6 19. Ba4 Rec8 20. Bb5 Ra5 21. Rxa5 bxa5 22. Ra1 Ra8 23. Bc7 a4 24. Rxa4 Rxa4 25. Bxa4 Nf8 26. f3 Bd3 27. Bc6 N8d7 28. e4 dxe4 29. fxe4 Nf8 30. h3 Ne6 31. Be5 Kf8 32. Bxf6 gxf6 33. g3 Nc7 34. Kf2 Ke7 35. Ke3 Kd6 36. Ba4 Ke6 37. Kf4 Ke7 38. g4 h6 39. h4 Ke6 40. Nf3 Ke7 41. Ne1 Be2 42. Ng2 Ne6+ 43. Kg3 Bd3 44. Kf3 Nc7 45. Ne3 Kd6 46. Nf5+ Ke6 47. Kf4 1-0

[Event "Montreal Mercredi 10"]
[Site "Montreal"]
[Date "2018.11.07"]
[Round "5"]
[White "Nunez, Omar"]
[Black "Templonuevo, Mark Geryl"]
[Result "1-0"]
[WhiteElo "1961"]
[BlackElo "1851"]
[PlyCount "52"]
[EventDate "2018.10.10"]
[EventType "swiss"]
[EventRounds "5"]
[EventCountry "CAN"]
[SourceTitle "EXT 2022"]
[Source "ChessBase"]
[SourceDate "2021.10.06"]
[SourceVersion "1"]
[SourceVersionDate "2021.10.06"]
[SourceQuality "1"]

1. f4 e5 2. fxe5 d6 3. Nf3 g5 4. d4 g4 5. Bg5 Qd7 6. Ng1 Qf5 7. Qd2 Nc6 8. Nc3 dxe5 9. e4 Qg6 10. dxe5 Bb4 11. Bb5 Bxc3 12. Bxc6+ Qxc6 13. bxc3 Qxe4+ 14. Ne2 Bf5 15. 0-0-0 Kf8 16. Ng3 Qxe5 17. Nxf5 Qxf5 18. h4 h5 19. Qd4 Rh7 20. Qb4+ Kg7 21. Rhf1 Qe6 22. Qxb7 Rf8 23. Qxa7 Qc6 24. Qd4+ Kg6 25. g3 f5 26. Qd5 Qa6 1-0

[Event "Montreal Mercredi 05"]
[Site "Montreal"]
[Date "2018.05.09"]
[Round "1"]
[White "Abdelaal, Ibrahim"]
[Black "Templonuevo, Mark Geryl"]
[Result "1/2-1/2"]
[WhiteElo "1827"]
[BlackElo "1735"]
[PlyCount "127"]
[EventDate "2018.05.09"]
[EventType "swiss"]
[EventRounds "5"]
[EventCountry "CAN"]
[SourceTitle "EXT 2022"]
[Source "ChessBase"]
[SourceDate "2021.10.06"]
[SourceVersion "1"]
[SourceVersionDate "2021.10.06"]
[SourceQuality "1"]

1. e4 e5 2. Nf3 Nc6 3. Bc4 Bc5 4. b4 Bxb4 5. c3 Be7 6. d4 d6 7. d5 Nb8 8. 0-0 Nf6 9. Bd3 0-0 10. Bg5 Nxd5 11. exd5 Bxg5 12. Nbd2 Bf4 13. g3 Bh6 14. Qc2 f5 15. Nh4 Qf6 16. f3 Be3+ 17. Kh1 Bg5 18. Ng2 Nd7 19. f4 exf4 20. Nxf4 Ne5 21. Rab1 Ng4 22. Rbe1 Qh6 23. Nf3 Bxf4 24. gxf4 Qxf4 25. Ne5 Qxh2+ 26. Qxh2 Nxh2 27. Kxh2 dxe5 28. Rxe5 g6 29. Re7 Rf7 30. Re8+ Kg7 31. Rfe1 b6 32. Ba6 Bxa6 33. Rxa8 f4 34. Rxa7 Bc4 35. Kg1 f3 36. Kf2 Bxd5 37. Re5 Bc4 38. Re4 Be2 39. Re6 Rd7 40. Rxb6 Rd1 41. Rxc7+ Kh6 42. Rbb7 Rd2 43. Rxh7+ Kg5 44. Rbf7 Kg4 45. Rd7 Rxa2 46. Rd4+ Kg5 47. Kg3 Rc2 48. Rc7 Rc1 49. Rc5+ Kh6 50. Rh4+ Kg7 51. Rc7+ Kf6 52. Rf4+ Kg5 53. Rg4+ Kh6 54. Rh4+ Kg5 55. Rc5+ Kf6 56. Rc6+ Kg5 57. Rg4+ Kh5 58. Rh4+ Kg5 59. Rg4+ Kh5 60. Rc5+ Kh6 61. Rh4+ Kg7 62. Rc7+ Kf6 63. Rf4+ Kg5 64. Rc5+ 1/2-1/2